Responses for Show #2583 - Wednesday, November 22, 1995

1995 Tournament of Champions semifinal game 3.

Contestants

[<< previous game]

Jonathan Groff, a writer and actor from New York City, New York

Gordon Wean, a teacher from Cleveland Heights, Ohio

Isaac Segal, an advertising creative director from Cherry Hill, New Jersey

[next game >>]

Jeopardy! Round responses

FOREIGN AUTHORS
FISH
NATIONAL MONUMENTS
SPORTS
19th CENTURY AMERICA
"O" & "OS"
(Alex: The correct response will either begin with "O" or it will begin with "O-S".)
    $100 1
Jules Verne

Isaac
    $100 17
Trout

Isaac
    $100 18
(Isaac: What is South Dakota?)
(Gordon: What is North Dakota?)

Montana

IsaacGordonJonathan
    $100 11
Johnny Weissmuller

Gordon
    $100 6
One cent

Jonathan
    $100 23
Opposite

Gordon
    $200 2
Odysseus

Gordon
    $200 19
Eels

Jonathan
    $200 16
Alaska

Gordon
    $200 12
Gymnastics

Jonathan
    $200 7
Gold

Gordon
    $200 24
(Isaac: [*]... school.)
(Alex: What is [*]? You'll remember next time.)
(Isaac: Right!)

obedience

Isaac
    $300 3
Aleksandr Solzhenitsyn

Isaac
    $300 20
Catfish

Isaac
    $300 25
Booker T. Washington

Jonathan
    $300 13
British Open

Jonathan
    $300 8
Aaron Burr

Jonathan
    $300 28
Osiris

Isaac
    $400 4
German

Isaac
    $400 21
Fighting fish

Gordon
    $400 26
(Jonathan: I'm acting like I know what you're talking about!)

Devils Tower

Triple Stumper
    $400 14
Candlestick Park

Gordon
    $500 9
San Antonio (site of the Alamo)

Jonathan
    $400 29
(Jonathan: Who were the Huns?)

Ostrogoths

IsaacJonathan
    $500 5
South Africa

Isaac
    $500 22
muskellunge

Gordon
    $500 27
Navajo

Isaac
    $500 15
Boston Marathon

Isaac
    $500 10
(Isaac: Who is Smith?)

Brigham Young

IsaacJonathan
    $500 30
Omega & Omicron

Gordon

Scores at the first commercial break (after clue 15):

Isaac Gordon Jonathan
$1,300 $900 $1,900

Scores at the end of the Jeopardy! Round:

Isaac Gordon Jonathan
$3,000 $2,500 $2,100

Double Jeopardy! Round responses

FIRST LADIES
BODIES OF WATER
THEATRE
TRANSPORTATION
HALF BROTHERS
THE ELEMENTS
    $200 1
Nancy Davis Reagan

Isaac
    $200 13
Arctic Ocean

Isaac
    $200 2
Belfast

Jonathan
    $200 11
California

Gordon
    $200 21
George Washington

Isaac
    $200 26
cadmium

Gordon
    $400 3
Lady Bird Johnson

Jonathan
    $400 15
Guantanamo Bay

Isaac
    $400 5
(Gordon: Who is Inge?)

Henrik Ibsen

GordonJonathan
    $400 12
Omnibus

Jonathan
    $400 22
Pete Seeger

Jonathan
    $400 27
Nickel

Isaac
    $600 4
Bess Truman

Isaac
    $600 16
Straits of Magellan

Isaac
    $600 7
Maria Callas

Jonathan
    $600 14
Dirigible

Jonathan
    $600 23
Brutus

Gordon
    $600 28
Iron

Isaac
    $800 6
Edith Roosevelt

Isaac
    $800 17
(Isaac: Who is Prince Edward Sound?)

Prince William Sound

IsaacGordon
    $800 9
Christopher Marlowe

Isaac
    $800 19
Trans-Siberian Railroad

Gordon
    $1,000 24
(Gordon: Who is Mary Tudor?)

Queen Elizabeth I

Gordon
    $800 29
Stockholm

Jonathan
    $1000 8
Lou Henry Hoover

Jonathan
    $1,000 18
Orinoco

Gordon
    $1000 10
Eugène Ionesco

Gordon
    $1000 20
Achille Lauro

Triple Stumper
    $1000 25
(Jonathan: Who is Ahab?)

Solomon

IsaacJonathan
    $1000 30
Helium

Gordon

Scores at the end of the Double Jeopardy! Round:

Isaac Gordon Jonathan
$8,000 $6,700 $5,900

[wagering suggestions for these scores]

Final Jeopardy! Round responses

THE OSCARS
JonathanWho are Marlon Brando
$0
GordonWho are Tracy and Gable?
$5,200
IsaacWho are Tracy & Brando?
$6,000
(2 of) Marlon Brando, Gary Cooper, Dustin Hoffman, Fredric March & Spencer Tracy

Final scores:

Isaac Gordon Jonathan
$14,000 $1,500 $5,900
Finalist 3rd place: $5,000 2nd place: $5,000

Game dynamics:

Coryat scores:

Isaac Gordon Jonathan
$8,000 $7,700 $5,800
22 R,
3 W
17 R
(including 1 DD),
3 W
(including 1 DD)
18 R
(including 1 DD),
2 W

Combined Coryat: $21,500

[game clues] [game scores] [suggest correction]

Game tape date: 1995-10-11
The J! Archive is created by fans, for fans. Scraping, republication, monetization, and malicious use prohibited; this site may use cookies and collect identifying information. See terms. The Jeopardy! game show and all elements thereof, including but not limited to copyright and trademark thereto, are the property of Jeopardy Productions, Inc. and are protected under law. This website is not affiliated with, sponsored by, or operated by Jeopardy Productions, Inc. Join the discussion at JBoard.tv.